,,Dzień dobry'' we wszystkich językach Unii Europejskiej - Statystyki

Ogólne statystyki
  • Ten quiz został rozwiązany 51 razy
    50 od ostatniego zresetowania
  • Średni wynik to 6 z 23
Statystyki odpowiedzi
Języki Dzień dobry % Poprawnych
Po polsku Dzień dobry
98%
Po angielsku Good Morning
93%
Po niemiecku Guten Morgen
68%
Po francusku Bonjour
54%
Po hiszpańsku Buenos Dias
54%
Po włosku Buongiorno
37%
Po czesku Dobre Rano
22%
Po słowacku Dobre rano
22%
Po grecku Kalimera
22%
Po portugalsku Bom Dia
15%
Po chorwacku Dobro Jutro
15%
Po słoweńsku Dobro jutro
15%
Po duńsku God Morgen
10%
Po rumuńsku Buna dimineata
7%
Po szwedzku God morgon
7%
Po niderlandzku Goedemorgen
7%
Po fińsku Hyvaa huomenta
5%
Po węgiersku Jo reggelt kivanok
5%
Po łotewsku Labrit
5%
Po maltańsku Bongu
2%
Po litewsku Labas Rytas
2%
Po irlandzku Maitin Mhaith
0%
Po estońsku Tere Hommikust
0%
Nie znaleziono quizów pasujących do podanych kryteriów
Rozkład punktacji
Procent ludzi z każdym wynikiem
Percentyl według liczby udzielonych odpowiedzi
Twoja historia wyników
Nie rozwiązałeś tego quizu od ostatniego zresetowania